ბათუმის შოთა რუსთაველის სახელმწიფო უნივერსიტეტის ბიბლიოთეკა

დაუმთავრებელი დანაშაულის დასჯადობა ქართული და გერმანული სისხლის სამართლის მიხედვით : (ბიბ.ჩანაწერი № 54125)

000 -ლიდერი
ფიქსირებული სიგრძის საკონტროლო ველი 01661nam a2200277Ia 4500
001 - საკონტროლო ნომერი
საკონტროლო ველი 21180
003 - საკონტროლო ნომრის იდენტიფიკატორი
საკონტროლო ველი GE_BSU
005 - ბოლო ოპერაციის თარიღი და დრო
საკონტროლო ველი 20210715183346.0
008 - ფიქსირებული სიგრძის მონაცემთა ელემენტები - ზოგადი ინფორმაცია
ფიქსირებული სიგრძის საკონტროლო ველი 181216s||||||||xx |||||||||||||| ||und||
020 ## - წიგნის საერთაშორისო სტანდარტული ნომერი
International Standard Book Number 9789941108631
040 ## - კატალოგიზაციის წყარო
Transcribing agency GE_BSU
041 ## - ენის კოდი
Language code of text/sound track or separate title geo
080 ## - უნივერსალური ათობითი კლასიფიკაციის ინდექსი
Universal Decimal Classification number 343.23 ხ-92
100 ## - მთავარი ჩანაწერი - პიროვნების სახელი
Personal name ხარანაული, ლევან
9 (RLIN) 6352
245 ## - ცნობა სათაურის შესახებ
Title დაუმთავრებელი დანაშაულის დასჯადობა ქართული და გერმანული სისხლის სამართლის მიხედვით :
Remainder of title (შედარებით-სამართლებრივი ანალიზი) წიგნი 2 /
Statement of responsibility, etc ლევან ხარანაული ; სამეცნიერო რედ. მერაბ ტურავა.
264 ## - წარმოების, გამოცემის, დისტრიბუციის და სხვა ცნობები
გამოცემის, წარმოების, დისტრიბუციის... ადგილი თბილისი :
გამოცემის, წარმოების, დისტრიბუციის... სახელწოდება მერიდიანი,
გამოცემის, წარმოების, დისტრიბუციის... თარიღი 2014.
300 ## - ფიზიკური აღწერა
Extent XXV, 404 გვ. ;
Dimensions 24 სმ.
504 ## - BIBLIOGRAPHY, ETC. NOTE
Bibliography, etc ბიბლიოგრაფია ტექსტის შენიშვნებში და გვ. : 386-404
546 ## - LANGUAGE NOTE
Language note თავფურცელი მე-3 გვ. ინგლისურ ენაზე, მე-5 გვ. გერმანულ ენაზე
653 ## - INDEX TERM--UNCONTROLLED
Uncontrolled term დანაშაული ქართულ სამართალში
653 ## - INDEX TERM--UNCONTROLLED
Uncontrolled term დანაშაული გერმანულ სამართალში
653 ## - INDEX TERM--UNCONTROLLED
Uncontrolled term სამართალი
700 ## - ADDED ENTRY--PERSONAL NAME
Personal name ტურავა, მერაბ
Relator term სამეცნიერო რედაქტორი
9 (RLIN) 9269
942 ## - ADDED ENTRY ELEMENTS (KOHA)
Koha item type წიგნი
Source of classification or shelving scheme
ეგზემპლარები
ჩამოწერის სტატუსი დაკარგული ეგზემპლარის სტატუსი კლასიფიკაციის წყარო ან თაროზე გაწყობის სქემა დაზიანების სტატუსი არ გაიცემა მუდმივი მდებარეობა (დაცვის ადგილი) ამჟამინდელი ადგილსამყოფელი თაროზე განთავსების ადგილი შეძენის თარიღი ღირებულება, შესყიდვის ნორმალური ფასი სრული შენახვის შიფრი შტრიხკოდი ბოლო ოპერაციის თარიღი ეგზემპლარის მიმდევრობითი ნომერი (კეტერი?) ფასის ძალაში შესვლის თარიღი ეგზემპლარის სახეობა საჯარო შენიშვნა
          ბათუმის შოთა რუსთაველის სახელმწიფო უნივერსიტეტის მთავარი ბიბლიოთეკა ბათუმის შოთა რუსთაველის სახელმწიფო უნივერსიტეტის მთავარი ბიბლიოთეკა წიგნსაცავი 2018-12-17 17.00 343.23 ხ-92 54739 2018-12-17 54739 2018-12-17 წიგნი 17.00 ₾.
          ბათუმის შოთა რუსთაველის სახელმწიფო უნივერსიტეტის მთავარი ბიბლიოთეკა ბათუმის შოთა რუსთაველის სახელმწიფო უნივერსიტეტის მთავარი ბიბლიოთეკა წიგნსაცავი 2018-12-17 17.00 343.23 ხ-92 54740 2018-12-17 54740 2018-12-17 წიგნი 17.00 ₾.
          ბათუმის შოთა რუსთაველის სახელმწიფო უნივერსიტეტის მთავარი ბიბლიოთეკა ბათუმის შოთა რუსთაველის სახელმწიფო უნივერსიტეტის მთავარი ბიბლიოთეკა წიგნსაცავი 2018-12-17 17.00 343.23 ხ-92 54741 2018-12-17 54741 2018-12-17 წიგნი 17.00 ₾.